Lag-cabin to whote House (Record no. 1004090)

MARC details
000 -LEADER
fixed length control field 00445nam a2200181Ia 4500
008 - FIXED-LENGTH DATA ELEMENTS--GENERAL INFORMATION
fixed length control field 151018s9999 xx 000 0 und d
082 ## - DEWEY DECIMAL CLASSIFICATION NUMBER
Item number RBASDV1663
Classification number 920
100 ## - MAIN ENTRY--PERSONAL NAME
Personal name W M. Thayer
245 ## - TITLE STATEMENT
Title Lag-cabin to whote House
250 ## - EDITION STATEMENT
Remainder of edition statement -
260 ## - PUBLICATION, DISTRIBUTION, ETC. (IMPRINT)
Name of publisher, distributor, etc F.L.B. House
Date of publication, distribution, etc 1937
300 ## - PHYSICAL DESCRIPTION
Extent 189
600 ## - SUBJECT ADDED ENTRY--PERSONAL NAME
Personal name W M. Thayer
630 ## - SUBJECT ADDED ENTRY--UNIFORM TITLE
Uniform title Lag-cabin to whote House
700 ## - ADDED ENTRY--PERSONAL NAME
Personal name W M. Thayer
730 ## - ADDED ENTRY--UNIFORM TITLE
Uniform title Lag-cabin to whote House
942 ## - ADDED ENTRY ELEMENTS (KOHA)
Koha item type Book
Holdings
Withdrawn status Lost status Damaged status Not for loan Home library Current library Date acquired Cost, normal purchase price Total Checkouts Full call number Barcode Date last seen Cost, replacement price Price effective from Koha item type
        R.B. Anant Shivaji Desai Vachanalaya and Granthalaya, Kudal R.B. Anant Shivaji Desai Vachanalaya and Granthalaya, Kudal 07/16/1962 7.00   RBASDV1663 RBASDV1663 10/18/2015 7.00 10/18/2015 Book